00347nam a2200145Ia 4500008004100000020001700041082001500058100001500073245002600088250000600114260002500120300001700145500002500162650001400187230524s9999 xx 000 0 und d a978071072564 a621.8bRAT aS.S.Rattan 0aStrength of Materials a2 aNew DelhibMGHc2011 a"xiii,734p;" aQuantity Number: 50 aMechanics